00000000nam##2200000za#4500
0019.575910
003CaOODSP
00520210624184905
007cr |||||||||||
008150406|2009||||xxc|||||o    f|0| 0 eng|d
040 |aCaOODSP|beng
043 |an-cn---
0861 |aTU3-6/09-118E-PDF
1102 |aTransportation Safety Board of Canada.
24510|aMain-track train collision - Canadian National Train No. M30131-27 and Canadian National Train No. Q10131-27 Mile 104.32, Redditt Subdivision, Jones, Ontario, 28 June 2009 |h[electronic resource]
260 |aOttawa - Ontario : |bTransportation Safety Board of Canada |c[2009].
300 |a17p.|bcoloured illus., figs.
4901 |aRailway investigation report |vR09W0118
590 |a13-09-Supp|b2013-04-04
77508|tCollision en voie principale - Entre les trains no M30131-27 et no Q10131-27 du Canadien National, au point milliaire 104,32, subdivision Redditt à Jones (Ontario), le 28 juin 2009 |w(CaOODSP)9.605294
830#0|aRailway investigation report ;|vR09W0118|w(CaOODSP)9.504849
85640|ahttp://publications.gc.ca|qPDF|s458 KB|uhttps://publications.gc.ca/collections/collection_2013/bst-tsb/TU3-6-09-118-eng.pdf|yR09W0118